[Event "22nd Open"]
[Site "Cappelle la Grande FRA"]
[Date "2006.02.18"]
[Round "1"]
[White "Delchev,A"]
[Black "Foisor,C"]
[Result "1-0"]
[WhiteElo "2661"]
[BlackElo "2402"]
[EventDate "2006.02.18"]

1. e4 c6 2. d4 g6 3. Nc3 d5 4. e5 f6 5. f4 Nh6 6. Be2 Bg7 7. Be3 Qb6 8. Na4
Qa5+ 9. c3 O-O 10. Nf3 Qd8 11. O-O b6 12. c4 Bg4 13. cxd5 cxd5 14. h3 Nf5
15. Bf2 Bxf3 16. Bxf3 e6 17. Nc3 Nc6 18. Rc1 Na5 19. exf6 Rxf6 20. Re1 Qd7
21. Ne2 Raf8 22. Rc3 Nd6 23. Qd3 R6f7 24. Rec1 Nab7 25. h4 Kh8 26. h5 gxh5
27. Bxh5 Ne4 28. Bxf7 Nxc3 29. Bxe6 Qxe6 30. Rxc3 Nd6 31. Rc7 a5 32. Rc6
Qe4 33. Qxe4 Nxe4 34. Rxb6 Nxf2 35. Kxf2 Rxf4+ 36. Nxf4 Bxd4+ 37. Kf3 Bxb6
38. Nxd5 Bd4 39. b4 axb4 40. Nxb4 Bc5 41. Nd5 Ba3 42. Kg4 Kg7 43. Kf5 Kf7
44. Nf6 h6 45. Ng4 h5 46. Nf6 h4 47. Nd5 Ke8 48. Kg4 Kd7 49. Kxh4 Kc6 50.
Ne3 Bc5 51. Nc2 Bf2+ 52. Kh5 Bg3 53. Nd4+ Kc5 54. Ne2 Be5 55. g4 Kb4 56. g5
Ka3 57. Nc1 Bg7 58. g6 1-0

[Event "22nd Open"]
[Site "Cappelle la Grande FRA"]
[Date "2006.02.18"]
[Round "1"]
[White "Korneev,O"]
[Black "Benitah,Y"]
[Result "1-0"]
[WhiteElo "2649"]
[BlackElo "2398"]
[EventDate "2006.02.18"]

1. e4 e6 2. d4 d5 3. Nd2 Nf6 4. e5 Nfd7 5. Bd3 c5 6. c3 Nc6 7. Ne2 cxd4 8.
cxd4 a5 9. O-O Nb6 10. Nf3 Be7 11. Nc3 Bd7 12. Qd2 h6 13. Qf4 g5 14. Qg3
Rg8 15. Qg4 a4 16. h3 Nb4 17. Bb1 Nc4 18. a3 Na6 19. Qh5 Qc7 20. Bd3 O-O-O
21. Qxf7 Rde8 22. Nh2 Bd8 23. Ng4 Ref8 24. Qh5 Be8 25. Qxh6 Qf7 26. Nf6
Bxf6 27. exf6 Qxf6 28. Qxf6 Rxf6 29. Bxc4 dxc4 30. Ne4 Rfg6 31. Nd6+ Kb8
32. Nxc4 R6g7 33. Ne5 Nc7 34. Bd2 Bb5 35. Rfe1 Rd8 36. Rac1 Nd5 37. Rc5 Ba6
38. Nf3 1-0

[Event "22nd Open"]
[Site "Cappelle la Grande FRA"]
[Date "2006.02.18"]
[Round "1"]
[White "Miroshnichenko,E"]
[Black "Willemze,J"]
[Result "1/2-1/2"]
[WhiteElo "2619"]
[BlackElo "2398"]
[EventDate "2006.02.18"]

1. Nf3 d5 2. c4 c6 3. d4 Nf6 4. Qc2 a6 5. Bf4 dxc4 6. Qxc4 b5 7. Qc2 Bb7 8.
Nbd2 Nbd7 9. Nb3 e6 10. a3 a5 11. Rc1 a4 12. Nc5 Nxc5 13. dxc5 Nd7 14. Be3
Be7 15. g3 O-O 16. Bg2 h6 17. O-O Qc7 18. Ne1 Rad8 19. Nd3 e5 20. g4 Nf6
21. h3 Nd5 22. Bd2 Bc8 23. Bc3 Bf6 24. Nb4 Be6 25. Be4 Nf4 26. Nxc6 Bb3 27.
Qb1 Nxe2+ 28. Kh2 Nxc1 29. Ba5 Qd7 30. Bxd8 Bxd8 31. Nxd8 Ne2 32. Nb7 Qd2
33. Qd3 Qf4+ 34. Kg2 Bc4 35. Qe3 h5 36. Re1 hxg4 37. Rxe2 f5 38. Bc6 gxh3+
39. Kh1 Bxe2 40. Bd5+ Kh7 41. Qxe2 Qc1+ 42. Kh2 Qf4+ 43. Kh1 Qc1+ 44. Kh2
Qf4+ 45. Kh1 Qc1+ 1/2-1/2

[Event "22nd Open"]
[Site "Cappelle la Grande FRA"]
[Date "2006.02.18"]
[Round "1"]
[White "Baklan,V"]
[Black "Livshits,G"]
[Result "1-0"]
[WhiteElo "2601"]
[BlackElo "2393"]
[EventDate "2006.02.18"]

1. e4 c5 2. Nf3 g6 3. c3 d5 4. e5 Bg7 5. d4 Nc6 6. Bb5 Bg4 7. O-O e6 8.
Bxc6+ bxc6 9. Nbd2 cxd4 10. cxd4 h6 11. h3 Bf5 12. b3 Ne7 13. Ba3 g5 14.
Rc1 Rc8 15. Rc3 Qa5 16. Qc1 Qa6 17. Bxe7 Kxe7 18. b4 Rhd8 19. a3 Rd7 20.
Nb3 Rdc7 21. Na5 Kf8 22. Qe3 Kg8 23. Rfc1 Qb6 24. Nh2 f6 25. exf6 Bxf6 26.
Rc5 Be7 27. g4 Be4 28. f3 Bg6 29. Qxe6+ Kh7 30. Rxc6 Qxd4+ 31. Kh1 Be8 32.
Qxh6+ Kg8 33. Qe6+ Kf8 34. Rxc7 Rxc7 35. Re1 Bf7 36. Qh6+ Qg7 37. Qxg7+
Kxg7 38. Nc6 Bf6 39. b5 a6 40. a4 axb5 41. axb5 Rb7 42. Nf1 Rxb5 43. Ne3
Kf8 44. Nf5 Rb3 45. Kg2 Rb2+ 46. Kg1 Bc3 47. Rc1 Bd2 48. Ra1 Be8 49. Ra8
Bf4 50. Ncd4 Kf7 51. Ra7+ Kf6 52. Ra6+ Kf7 53. Nd6+ Kg8 54. N4f5 Bb5 55.
Ra8+ Kh7 56. Ra7+ Kh8 57. Nxb5 Rxb5 58. Rd7 Rb1+ 59. Kf2 Rb2+ 60. Ke1 Rb1+
61. Ke2 Rb2+ 62. Kd1 Rb3 63. h4 Rxf3 64. h5 Rf2 65. Ne7 Rg2 66. Ng6+ Kg8
67. h6 Rh2 68. Rg7+ 1-0

[Event "22nd Open"]
[Site "Cappelle la Grande FRA"]
[Date "2006.02.18"]
[Round "1"]
[White "Riazantsev,A"]
[Black "Berkovich,M"]
[Result "1-0"]
[WhiteElo "2594"]
[BlackElo "2392"]
[EventDate "2006.02.18"]

1. d4 Nf6 2. c4 e6 3. Nc3 Bb4 4. Qc2 O-O 5. a3 Bxc3+ 6. Qxc3 d5 7. Nf3 dxc4
8. Qxc4 b6 9. g3 Ba6 10. Qa4 Qd5 11. Bg2 Bb5 12. Qc2 Nc6 13. Be3 Na5 14. b4
Nc4 15. Nh4 Nxe3 16. fxe3 Qg5 17. a4 Bd7 18. Bxa8 Rxa8 19. Ra3 Qd5 20. Nf3
Qd6 21. O-O a5 22. Ng5 Qd5 23. Rxf6 Qxg5 24. Rf4 axb4 25. Ra1 c5 26. dxc5
Bc8 27. Qd1 1-0

[Event "22nd Open"]
[Site "Cappelle la Grande FRA"]
[Date "2006.02.18"]
[Round "1"]
[White "Rozentalis,E"]
[Black "Willemze,T"]
[Result "1/2-1/2"]
[WhiteElo "2582"]
[BlackElo "2392"]
[EventDate "2006.02.18"]

1. e4 c6 2. Nc3 d5 3. Nf3 Bg4 4. d3 e6 5. Be2 dxe4 6. Nxe4 Nf6 7. Neg5 Qc7
8. Nd4 Bxe2 9. Qxe2 Bd6 10. Bd2 O-O 11. O-O-O Re8 12. h4 Nbd7 13. h5 h6 14.
Nh3 Qb6 15. c3 Nc5 16. Kb1 Nd5 17. Rc1 Be5 18. Be3 Bxd4 19. Bxd4 e5 20.
Bxc5 Qxc5 21. g4 Qd6 22. Rhg1 f6 23. Rge1 Rad8 24. Rcd1 c5 25. Qe4 b5 26.
c4 Nb4 27. cxb5 Qb6 28. Qc4+ Kf8 29. a3 Rd4 30. Qb3 Nc6 31. f4 Na5 32. Qc2
Qxb5 33. fxe5 fxe5 34. g5 Re7 35. gxh6 gxh6 36. Qf2+ Rf7 37. Qe3 Nc6 38.
Qxh6+ Ke7 39. Qg5+ Kd7 40. h6 c4 41. dxc4 Qb3 42. Qh5 Rf3 43. Qg4+ Kc7 44.
Rxd4 Nxd4 45. Qe4 Kb6 46. c5+ Ka6 47. c6 Rd3 48. Qg2 Nb5 49. Rc1 Nxa3+ 50.
Ka1 Qa4 51. c7 Nc4+ 52. Kb1 Na3+ 53. bxa3 Rb3+ 54. Qb2 Rxb2+ 55. Kxb2 Qd4+
56. Kb1 Qd3+ 57. Kb2 Qd4+ 58. Rc3 Qd2+ 59. Kb3 Qd1+ 60. Rc2 Qd3+ 61. Kb2
Qd4+ 62. Kc1 Qa1+ 63. Kd2 Qd4+ 1/2-1/2

[Event "22nd Open"]
[Site "Cappelle la Grande FRA"]
[Date "2006.02.18"]
[Round "1"]
[White "Brodsky,M"]
[Black "Melia,S"]
[Result "1/2-1/2"]
[WhiteElo "2581"]
[BlackElo "2390"]
[EventDate "2006.02.18"]

1. d4 Nf6 2. c4 e6 3. Nc3 Bb4 4. e3 c5 5. Nge2 cxd4 6. exd4 d5 7. c5 Ne4 8.
Bd2 Nc6 9. Nxe4 dxe4 10. Bxb4 Nxb4 11. Nc3 Qxd4 12. Qxd4 Nc2+ 13. Kd2 Nxd4
14. Nxe4 O-O 15. Kc3 e5 16. Nd6 b6 17. Re1 Be6 18. Rxe5 Nc6 19. Re3 bxc5
20. Bc4 Nb4 21. Rd1 Rfd8 22. Bxe6 fxe6 23. Rxe6 Nxa2+ 24. Kc4 Rab8 25. Rde1
Kf8 26. Kxc5 Nb4 27. Kc4 Nc6 28. R1e4 Na5+ 29. Kc3 Nb7 30. Rf4+ Kg8 31. Nc4
Nc5 32. Rc6 Nd3 33. Rf3 Nc1 34. Rd6 Ne2+ 35. Kd3 Rxd6+ 36. Nxd6 Rxb2 37.
Rf7 Nc1+ 38. Kc3 Rb6 39. Rd7 g6 40. Nc4 Na2+ 41. Kd4 Rf6 42. Ke4 1/2-1/2

[Event "22nd Open"]
[Site "Cappelle la Grande FRA"]
[Date "2006.02.18"]
[Round "1"]
[White "Golod,V"]
[Black "Ponkratov,P"]
[Result "1/2-1/2"]
[WhiteElo "2577"]
[BlackElo "2389"]
[EventDate "2006.02.18"]

1. d4 Nf6 2. c4 c5 3. d5 b5 4. cxb5 a6 5. bxa6 Bxa6 6. Nc3 g6 7. g3 Bg7 8.
Bg2 d6 9. Nf3 Nbd7 10. O-O O-O 11. Qc2 Qa5 12. Rd1 Nb6 13. Rb1 Nc4 14. Nd2
Rfb8 15. Nxc4 Bxc4 16. b3 Ba6 17. Bd2 Qa3 18. Bc1 Qa5 19. a4 c4 20. Bd2
cxb3 21. Rxb3 Rc8 22. Qb1 Nd7 23. Rc1 Rc7 24. Na2 Rxc1+ 25. Qxc1 Qc5 26.
Be3 Qa5 27. Bd2 Qc5 28. Be3 Qa5 1/2-1/2

[Event "22nd Open"]
[Site "Cappelle la Grande FRA"]
[Date "2006.02.18"]
[Round "1"]
[White "Nijboer,F"]
[Black "Tazbir,M"]
[Result "1-0"]
[WhiteElo "2571"]
[BlackElo "2382"]
[EventDate "2006.02.18"]

1. e4 c5 2. Nf3 d6 3. d4 cxd4 4. Nxd4 Nf6 5. Nc3 a6 6. Bc4 e6 7. Bb3 Nbd7
8. f4 Nc5 9. Qf3 Qc7 10. f5 Nxb3 11. axb3 e5 12. Nde2 b5 13. Bg5 b4 14. Nd1
Nd7 15. Ne3 Bb7 16. Rd1 Nb6 17. f6 g6 18. O-O h6 19. Bh4 h5 20. c3 Qc6 21.
Nd5 Nxd5 22. exd5 Qd7 23. Bg5 h4 24. h3 Bh6 25. Bxh6 Rxh6 26. Qe3 Rh5 27.
cxb4 Qb5 28. Rf4 Bc8 29. Nc3 Qb8 30. Rc4 Bd7 31. Ne4 Bb5 32. Rc6 Bxc6 33.
dxc6 Qc7 34. Rxd6 Rb8 35. Qc5 Rb5 36. Re6+ 1-0

[Event "22nd Open"]
[Site "Cappelle la Grande FRA"]
[Date "2006.02.18"]
[Round "1"]
[White "Andersson,U"]
[Black "Zimmerman,Y"]
[Result "1/2-1/2"]
[WhiteElo "2562"]
[BlackElo "2379"]
[EventDate "2006.02.18"]

1. Nf3 g6 2. d4 Bg7 3. c4 Nf6 4. Nc3 O-O 5. e4 d6 6. Be2 e5 7. dxe5 dxe5 8.
Qxd8 Rxd8 9. Bg5 Nbd7 10. O-O-O Rf8 11. Nd2 c6 12. Be3 Re8 13. f3 Bf8 14.
Nb3 a5 15. Na4 Nh5 16. g3 Ng7 17. c5 f5 18. Nd2 Ne6 19. Bc4 Nf6 20. Rhe1
Kg7 21. Nb6 1/2-1/2

[Event "22nd Open"]
[Site "Cappelle la Grande FRA"]
[Date "2006.02.18"]
[Round "1"]
[White "Zaragatski,I"]
[Black "Moiseenko,A1"]
[Result "0-1"]
[WhiteElo "2400"]
[BlackElo "2657"]
[EventDate "2006.02.18"]

1. e4 c5 2. Nf3 Nc6 3. Nc3 d6 4. d4 cxd4 5. Nxd4 e5 6. Nb3 Nf6 7. f3 Be6 8.
Nd5 Be7 9. Be3 O-O 10. Qd2 a5 11. c4 a4 12. Nc1 Nd7 13. Nxe7+ Qxe7 14. Bd3
Na5 15. Qb4 Nc5 16. Be2 Rfc8 17. O-O Ra6 18. Rd1 h6 19. Bf1 Qc7 20. Qc3 Nc6
21. b4 axb3 22. axb3 Rxa1 23. Qxa1 f5 24. exf5 Bxf5 25. Qc3 Rd8 26. Nd3 Ne6
27. Rd2 Ncd4 28. Nb4 Qf7 29. Nd5 Ra8 30. b4 Kh8 31. Bf2 Bh7 32. Kh1 Qg6 33.
Bd3 Qg5 34. Bxh7 Kxh7 35. h3 Nf5 36. Kh2 Ned4 37. Qd3 Ra3 38. Qxa3 Qxd2 39.
Bxd4 exd4 40. Qa1 d3 41. Qa4 Nh4 42. Nf6+ gxf6 43. Qd7+ Kg6 44. Qe8+ Kg5
45. Qg8+ Kf4 46. Qg3+ Ke3 47. Qxh4 Ke2 48. Qxf6 Qe3 0-1

[Event "22nd Open"]
[Site "Cappelle la Grande FRA"]
[Date "2006.02.18"]
[Round "1"]
[White "San Emeterio Cabanes,J"]
[Black "Gashimov,V"]
[Result "0-1"]
[WhiteElo "2398"]
[BlackElo "2625"]
[EventDate "2006.02.18"]

1. b3 e5 2. Bb2 d6 3. e3 Nf6 4. c4 Nc6 5. Nc3 g6 6. d4 exd4 7. exd4 Bg7 8.
Nf3 O-O 9. Be2 d5 10. O-O dxc4 11. bxc4 Bg4 12. d5 Na5 13. Nd2 Bxe2 14.
Qxe2 Re8 15. Qd3 Nd7 16. Rfe1 Ne5 17. Qf1 Qh4 18. Re4 Ng4 19. Nf3 Qxf2+ 20.
Qxf2 Nxf2 21. Rxe8+ Rxe8 22. Kxf2 Nxc4 23. Re1 Rxe1 24. Kxe1 Nxb2 25. Nb5
Nc4 26. Ke2 Nd6 27. Nxa7 Kf8 28. Kd3 Ke7 29. a4 Kd7 30. Nd2 c6 31. dxc6+
bxc6 32. Nb3 Nb7 33. a5 Bf8 34. Kd4 Bd6 35. a6 Nd8 36. Na5 Bxh2 0-1

[Event "22nd Open"]
[Site "Cappelle la Grande FRA"]
[Date "2006.02.18"]
[Round "1"]
[White "Jakobsen,O"]
[Black "Guseinov,G"]
[Result "0-1"]
[WhiteElo "2395"]
[BlackElo "2607"]
[EventDate "2006.02.18"]

1. d4 Nf6 2. c4 g6 3. f3 Bg7 4. e4 d6 5. Nc3 O-O 6. Nge2 c5 7. d5 e6 8. Bg5
exd5 9. Nxd5 h6 10. Bxf6 Bxf6 11. Nxf6+ Qxf6 12. Qd2 Be6 13. Nc3 Nc6 14.
Qxh6 b5 15. cxb5 Nd4 16. O-O-O a6 17. b6 Rfb8 18. h4 Rxb6 19. Rd2 Rab8 20.
h5 Nf5 21. exf5 Qxc3+ 22. Kd1 Rxb2 23. fxe6 Rb1+ 24. Ke2 Qe5+ 0-1

[Event "22nd Open"]
[Site "Cappelle la Grande FRA"]
[Date "2006.02.18"]
[Round "1"]
[White "Marzolo,C"]
[Black "Roiz,M"]
[Result "1/2-1/2"]
[WhiteElo "2393"]
[BlackElo "2599"]
[EventDate "2006.02.18"]

1. d4 Nf6 2. c4 e6 3. Nf3 d5 4. Nc3 c6 5. Bg5 h6 6. Bxf6 Qxf6 7. e3 Nd7 8.
Bd3 Qd8 9. O-O Be7 10. e4 dxe4 11. Nxe4 c5 12. dxc5 Nxc5 13. Nxc5 Bxc5 14.
b4 Be7 15. c5 a5 16. Bb5+ Bd7 17. Bxd7+ Qxd7 18. Qxd7+ Kxd7 19. Ne5+ Kc7
20. b5 Bxc5 21. Rac1 b6 22. Nxf7 Rhf8 23. Ne5 Rad8 24. Nc6 Rd5 25. g3 Rf3
26. Kg2 Rfd3 27. Ne7 Rd6 28. Nc6 R6d5 29. Ne7 Re5 30. Rc2 Kd6 31. Nc6 Red5
32. Re1 Rd2 33. Re2 Rxc2 34. Rxc2 Rd1 35. f4 Kd5 36. Kf3 Rb1 37. Re2 Rxb5
38. Nd8 Rb1 39. Nxe6 g6 40. Nc7+ Kc6 41. Ne6 a4 42. Ke4 Bd6 43. Nd4+ Kc5
44. a3 Rc1 45. Rd2 Rc4 46. Ke3 Rc3+ 47. Rd3 Rxd3+ 48. Kxd3 b5 49. Nc2 Kd5
50. Ne3+ Ke6 51. Nc2 Kd5 52. Ne3+ Kc6 53. Nc2 Bc5 54. h3 Kd5 55. g4 Bd6 56.
Nd4 Bxa3 57. Nxb5 Bb2 58. f5 g5 59. Nc3+ Ke5 60. Nxa4 Bd4 61. Nc3 Ba7 62.
Ne4 Bb6 63. f6 Ke6 64. Kc4 Bd8 65. Kd4 Bb6+ 66. Kc4 Bd8 67. Kd4 1/2-1/2

[Event "22nd Open"]
[Site "Cappelle la Grande FRA"]
[Date "2006.02.18"]
[Round "1"]
[White "Foisor,O"]
[Black "Popov,Val"]
[Result "0-1"]
[WhiteElo "2392"]
[BlackElo "2592"]
[EventDate "2006.02.18"]

1. c4 e5 2. g3 Nf6 3. Bg2 d5 4. cxd5 Nxd5 5. Nf3 Nc6 6. O-O Nb6 7. Nc3 Be7
8. a3 g5 9. d3 g4 10. Nd2 h5 11. b4 h4 12. Nb3 Nd4 13. Na5 c6 14. Bd2 Qd7
15. Re1 hxg3 16. hxg3 Qf5 17. Rb1 Qh5 18. b5 c5 19. Be3 Kf8 20. a4 Kg7 21.
Rc1 Be6 22. Bxd4 cxd4 23. Ne4 Bb4 24. Nxb7 Bd5 25. Rc7 Rac8 0-1

[Event "22nd Open"]
[Site "Cappelle la Grande FRA"]
[Date "2006.02.18"]
[Round "1"]
[White "Onkoud,A"]
[Black "Azarov,S"]
[Result "0-1"]
[WhiteElo "2391"]
[BlackElo "2581"]
[EventDate "2006.02.18"]

1. e4 e5 2. Nf3 Nc6 3. Bb5 a6 4. Ba4 Nf6 5. O-O Be7 6. Bxc6 dxc6 7. d3 Nd7
8. Nbd2 O-O 9. Nc4 f6 10. Nh4 Nc5 11. Nf5 Ne6 12. Be3 c5 13. f4 exf4 14.
Bxf4 Nxf4 15. Rxf4 Bxf5 16. exf5 b5 17. Ne3 Re8 18. Qh5 Bf8 19. Qf3 Qe7 20.
Kf2 c4 21. Nd5 Qd7 22. d4 Rad8 23. Ne3 g5 24. fxg6 hxg6 25. Rg4 Bg7 26. Re1
Qf7 27. Qg3 f5 28. Rxg6 f4 29. Rxg7+ Qxg7 30. Qxf4 Rf8 31. Nf5 Rxf5 32.
Qxf5 Rf8 33. Qxf8+ Qxf8+ 34. Ke3 Qb4 35. Rb1 Qa4 0-1

[Event "22nd Open"]
[Site "Cappelle la Grande FRA"]
[Date "2006.02.18"]
[Round "1"]
[White "Shirazi,K"]
[Black "Spraggett,K"]
[Result "0-1"]
[WhiteElo "2389"]
[BlackElo "2581"]
[EventDate "2006.02.18"]

1. e4 c5 2. b4 b6 3. bxc5 bxc5 4. Bc4 e6 5. Nc3 Nc6 6. Nf3 Nge7 7. O-O Ng6
8. d4 cxd4 9. Nxd4 Na5 10. Be2 Be7 11. Rb1 O-O 12. Be3 Ne5 13. Nb3 Nec4 14.
Bf4 Na3 15. Nb5 Nxb5 16. Bxb5 a6 17. Be2 Nb7 18. c4 d6 19. e5 Qc7 20. Qd4
Rd8 21. Qe3 dxe5 22. Bxe5 Bd6 23. Bxd6 Nxd6 24. Rfd1 Bb7 25. Nc5 Bc6 26.
Qg3 Qe7 27. Bd3 e5 28. Re1 e4 29. Nb3 Nf5 30. Qf4 Rxd3 31. Qxf5 Rad8 32.
Qc5 Qf6 33. Rbc1 Ba8 34. h3 h6 35. Rc2 Qg6 36. Re3 Rd1+ 37. Kh2 f5 38. Qe5
Qf7 39. Rg3 g5 40. Rc1 R1d7 41. Nc5 Re7 42. Qb2 Qg6 43. Qa3 f4 44. Rb3 e3
45. f3 g4 46. hxg4 Qg5 47. Rd3 Rde8 48. Qb2 Qh4+ 49. Kg1 e2 0-1

[Event "22nd Open"]
[Site "Cappelle la Grande FRA"]
[Date "2006.02.18"]
[Round "1"]
[White "Lawson,E"]
[Black "Erenburg,S"]
[Result "0-1"]
[WhiteElo "2383"]
[BlackElo "2573"]
[EventDate "2006.02.18"]

1. e4 c6 2. d4 d5 3. exd5 cxd5 4. c4 Nf6 5. Nc3 e6 6. Nf3 Bb4 7. cxd5 Nxd5
8. Bd2 Nc6 9. Bd3 Nce7 10. O-O Bd6 11. Ne4 O-O 12. Re1 Bf4 13. Ng3 Bxd2 14.
Qxd2 b6 15. Re4 Bb7 16. Rh4 Ng6 17. Bxg6 fxg6 18. Re4 Nc7 19. Re3 Bxf3 20.
Rxf3 Rxf3 21. gxf3 Qd5 22. Qe3 Rf8 23. Kg2 Qd7 24. Re1 Nd5 25. Qe4 Nf4+ 26.
Kh1 Kh8 27. b3 h6 28. Qe3 Qd5 29. Rc1 Nh3 30. Ne4 Nf4 31. Rc7 Qh5 32. Rc1
Nd5 33. Qe2 Rxf3 34. Rc8+ Kh7 35. Ng3 Qg4 36. Qe5 Rxf2 37. Qb8 Qf3+ 0-1

[Event "22nd Open"]
[Site "Cappelle la Grande FRA"]
[Date "2006.02.18"]
[Round "1"]
[White "Zagrebelny,S"]
[Black "Mevel,A"]
[Result "1-0"]
[WhiteElo "2497"]
[BlackElo "2296"]
[EventDate "2006.02.18"]

1. e4 d5 2. exd5 Nf6 3. d4 Bg4 4. Nf3 Qxd5 5. Be2 Nc6 6. Be3 O-O-O 7. Nbd2
e6 8. h3 Bh5 9. O-O Rg8 10. a3 g5 11. g4 Bg6 12. c4 Qd7 13. b4 Ne4 14. b5
Nb8 15. Ne5 Qe8 16. Bf3 Nxd2 17. Qxd2 f6 18. Nxg6 hxg6 19. Qa5 e5 20. dxe5
Qxe5 21. Qxa7 Bd6 22. Qxb7+ Kd7 23. Rfe1 Qh2+ 24. Kf1 Qxh3+ 25. Bg2 Qxg4
26. Bd4 Be5 27. Bxe5 Qxc4+ 28. Kg1 fxe5 29. Rac1 1-0

[Event "22nd Open"]
[Site "Cappelle la Grande FRA"]
[Date "2006.02.18"]
[Round "1"]
[White "Zakharevich,I"]
[Black "Bakin,A"]
[Result "1-0"]
[WhiteElo "2500"]
[BlackElo "2299"]
[EventDate "2006.02.18"]

1. d4 Nf6 2. c4 e6 3. Nf3 c5 4. d5 exd5 5. cxd5 d6 6. Nc3 g6 7. h3 Bg7 8.
e4 O-O 9. Bd3 a6 10. a4 Nbd7 11. O-O Qc7 12. Re1 Re8 13. Bf1 Rb8 14. Bf4
Nh5 15. Bh2 Ne5 16. Bxe5 Bxe5 17. Nxe5 Rxe5 18. Qd2 g5 19. g3 Kh8 20. Bg2
f6 21. a5 b5 22. axb6 Rxb6 23. Nd1 Rb4 24. Ne3 Re8 25. Rec1 Rd4 26. Qxd4
cxd4 27. Rxc7 dxe3 28. fxe3 Nxg3 29. Kf2 1-0

[Event "22nd Open"]
[Site "Cappelle la Grande FRA"]
[Date "2006.02.18"]
[Round "1"]
[White "Bruned,Y"]
[Black "Jakubowski,K"]
[Result "0-1"]
[WhiteElo "2301"]
[BlackElo "2504"]
[EventDate "2006.02.18"]

1. e4 c5 2. Nf3 d6 3. d4 cxd4 4. Nxd4 Nf6 5. Nc3 a6 6. Bg5 e6 7. f4 Be7 8.
Qf3 Qc7 9. O-O-O Nbd7 10. g4 O-O 11. Bxf6 Bxf6 12. g5 Bxd4 13. Rxd4 b5 14.
Bg2 Rb8 15. Rhd1 b4 16. Ne2 Rb6 17. Kb1 a5 18. Nc1 Ba6 19. e5 d5 20. Bf1
Rc8 21. Qf2 Bxf1 22. Rxf1 Rc6 23. Rd2 Nc5 24. Qg2 Ne4 25. Re2 a4 26. Rf3
Qb6 27. Nd3 b3 28. axb3 axb3 29. Ne1 bxc2+ 30. Rxc2 Qa5 31. Re3 Rxc2 32.
Nxc2 Nd2+ 33. Kc1 Qa1+ 34. Kxd2 Qxb2 35. Re2 Rxc2+ 36. Ke3 Qc3+ 37. Kf2
Qd4+ 0-1

[Event "22nd Open"]
[Site "Cappelle la Grande FRA"]
[Date "2006.02.18"]
[Round "1"]
[White "Sulskis,S"]
[Black "Chetverik,M"]
[Result "1-0"]
[WhiteElo "2504"]
[BlackElo "2303"]
[EventDate "2006.02.18"]

1. e4 Nf6 2. e5 Nd5 3. d4 d6 4. Nf3 g6 5. Bc4 Nb6 6. Bb3 d5 7. c3 Bf5 8.
Nbd2 a5 9. Qe2 a4 10. Bd1 Qd7 11. h3 Bh6 12. g4 Bxd2+ 13. Bxd2 Be6 14. Bh6
Nc4 15. Rc1 b5 16. b3 axb3 17. axb3 Nb6 18. Ng5 c6 19. f4 Qa7 20. O-O Qa3
21. Bc2 Qb2 22. Nxe6 Ra2 23. Nc5 b4 24. cxb4 Qxd4+ 25. Qf2 Qxb4 26. Nd3 Qa5
27. f5 1-0

[Event "22nd Open"]
[Site "Cappelle la Grande FRA"]
[Date "2006.02.18"]
[Round "1"]
[White "Oleksienko,M"]
[Black "Giffard,N"]
[Result "1-0"]
[WhiteElo "2509"]
[BlackElo "2313"]
[EventDate "2006.02.18"]

1. e4 c5 2. Nf3 a6 3. c3 d5 4. exd5 Qxd5 5. d4 cxd4 6. cxd4 e6 7. Nc3 Bb4
8. Bd3 Nf6 9. O-O Bxc3 10. bxc3 b5 11. a4 Bb7 12. Ba3 g5 13. axb5 axb5 14.
Re1 Nbd7 15. Bf1 Ne4 16. Qb1 Ra4 17. Rxe4 Qxe4 18. Qxb5 Rxa3 19. Rxa3 f6
20. c4 Qc6 21. Qb4 Qc7 22. Ra7 1-0

[Event "22nd Open"]
[Site "Cappelle la Grande FRA"]
[Date "2006.02.18"]
[Round "1"]
[White "Rudolph,Joh"]
[Black "Drozdovskij,Y"]
[Result "0-1"]
[WhiteElo "2314"]
[BlackElo "2509"]
[EventDate "2006.02.18"]

1. d4 d5 2. c4 c6 3. Nf3 Nf6 4. Nc3 dxc4 5. a4 e6 6. e3 c5 7. Bxc4 Nc6 8.
O-O cxd4 9. exd4 Be7 10. Bg5 O-O 11. Qd2 Nb4 12. Rad1 b6 13. Ne5 Bb7 14.
Qe2 Rc8 15. Rfe1 Nfd5 16. Bd2 Nxc3 17. bxc3 Nd5 18. Qd3 Bg5 19. Qg3 Bxd2
20. Rxd2 f6 21. Bxd5 Qxd5 22. Ng4 Rxc3 23. Ne3 Qa5 24. Qh3 f5 25. Rdd1 Qxa4
26. Qh4 Qd7 27. Qg5 h6 28. Qf4 Qc7 29. Qh4 Qd8 30. Qf4 Qg5 31. Qxg5 hxg5
32. Ra1 a6 33. Nf1 Kf7 34. Nd2 Rd8 35. Reb1 Rd6 36. Rb4 Bd5 37. h3 a5 38.
Rb2 Rdc6 39. Nf1 Rc1 0-1

[Event "22nd Open"]
[Site "Cappelle la Grande FRA"]
[Date "2006.02.18"]
[Round "1"]
[White "Fierro Baquero,M"]
[Black "Firman,N"]
[Result "0-1"]
[WhiteElo "2273"]
[BlackElo "2468"]
[EventDate "2006.02.18"]

1. e4 c5 2. Nf3 e6 3. d4 cxd4 4. Nxd4 Nc6 5. Nxc6 bxc6 6. Bd3 d5 7. O-O Nf6
8. Nd2 Qc7 9. Re1 Bd6 10. h3 O-O 11. Qe2 e5 12. c4 d4 13. f4 exf4 14. e5
Re8 15. Ne4 Rxe5 16. c5 Rxe4 17. Bxe4 Bxc5 18. Qf3 Bd6 19. Bxc6 Rb8 20. b3
Rb6 21. Ba8 Qc3 22. Qxc3 dxc3 23. Rf1 Ba6 24. Bxf4 Bxf1 25. Bxd6 Bxg2 26.
Bxg2 Rxd6 27. Rc1 Rd3 28. Bf1 Rg3+ 29. Kh2 Re3 30. Kg1 Ne4 0-1

[Event "22nd Open"]
[Site "Cappelle la Grande FRA"]
[Date "2006.02.18"]
[Round "1"]
[White "Bjarnason,O"]
[Black "Hasangatin,R"]
[Result "0-1"]
[WhiteElo "2255"]
[BlackElo "2460"]
[EventDate "2006.02.18"]

1. e4 c5 2. c3 e5 3. Nf3 Nc6 4. d4 exd4 5. cxd4 cxd4 6. Nxd4 Nf6 7. Nc3 Bb4
8. Nxc6 dxc6 9. Qxd8+ Kxd8 10. Bg5 h6 11. Bxf6+ gxf6 12. O-O-O+ Ke7 13. Bc4
Rg8 14. Rhg1 Bc5 15. Rd2 Bd6 16. e5 Bxe5 17. g3 Be6 18. Bxe6 Bxc3 19. bxc3
fxe6 20. Re1 Rad8 21. Re4 Rxd2 22. Kxd2 Rd8+ 23. Kc2 Rd5 24. Rh4 h5 25. f3
Kf7 26. a4 Kg6 27. Rb4 b6 28. Rc4 c5 29. a5 b5 30. Re4 Rd6 31. Re1 e5 32.
Rf1 Ra6 33. Ra1 c4 34. Kd2 Rd6+ 35. Kc2 Rd3 36. a6 Rxf3 37. Ra5 Rf2+ 38.
Kb1 e4 39. Rxb5 e3 0-1

[Event "22nd Open"]
[Site "Cappelle la Grande FRA"]
[Date "2006.02.18"]
[Round "1"]
[White "Scetinin,A"]
[Black "Skatchkov,P"]
[Result "0-1"]
[WhiteElo "2253"]
[BlackElo "2454"]
[EventDate "2006.02.18"]

1. e4 e5 2. Nf3 Nf6 3. Bc4 Nc6 4. Ng5 d5 5. exd5 Na5 6. b3 Nxc4 7. bxc4 h6
8. Nf3 e4 9. Ne5 c6 10. d4 exd3 11. Qxd3 cxd5 12. O-O Be7 13. Nc3 dxc4 14.
Qxc4 O-O 15. Ng6 Be6 16. Nxe7+ Qxe7 17. Qh4 Rfc8 18. Ne4 Nd5 19. Qg3 f5 20.
Ba3 Qc7 21. Nd6 Rd8 22. Qe5 Bf7 23. c4 Nf6 24. c5 Bg6 25. Rfe1 Kh7 26. f3
b6 27. Rac1 bxc5 28. Nxf5 Qa5 29. Nxg7 Kxg7 30. Qe7+ Bf7 31. Bb2 Qb6 32.
Bxf6+ Qxf6 33. Rxc5 Qd4+ 0-1

[Event "22nd Open"]
[Site "Cappelle la Grande FRA"]
[Date "2006.02.18"]
[Round "1"]
[White "Bannink,B"]
[Black "Evdokimov,Alexa"]
[Result "1-0"]
[WhiteElo "2297"]
[BlackElo "2498"]
[EventDate "2006.02.18"]

1. d4 Nf6 2. Bg5 Ne4 3. Bf4 c5 4. f3 Nf6 5. dxc5 Qa5+ 6. Nc3 Qxc5 7. e4 d6
8. Qd2 a6 9. O-O-O Nbd7 10. Be3 Qa5 11. Kb1 e6 12. Nd5 Qxd2 13. Nxf6+ Nxf6
14. Rxd2 b5 15. c4 Bd7 16. cxb5 axb5 17. Bd3 Be7 18. Ne2 O-O 19. g4 Rfc8
20. Rc2 Rxc2 21. Bxc2 Be8 22. Nd4 Bd8 23. Bd3 Bb6 24. Nc2 Bc5 25. a3 Kf8
26. Re1 h6 27. Bf4 g5 28. Bd2 Rb8 29. Nb4 Nd7 30. Na6 Rb6 31. Nxc5 Nxc5 32.
Bc2 e5 33. Rd1 Ke7 34. b4 Ne6 35. Bb3 Ra6 36. Bxe6 Kxe6 37. Kb2 Rc6 38. Rc1
d5 39. exd5+ Kxd5 40. Bc3 1-0

[Event "22nd Open"]
[Site "Cappelle la Grande FRA"]
[Date "2006.02.18"]
[Round "1"]
[White "Claverie,C"]
[Black "Hebden,M"]
[Result "1/2-1/2"]
[WhiteElo "2326"]
[BlackElo "2514"]
[EventDate "2006.02.18"]

1. d4 Nf6 2. Bg5 Ne4 3. Bf4 c5 4. f3 Qa5+ 5. c3 Nf6 6. Nd2 cxd4 7. Nb3 Qd8
8. cxd4 d5 9. e3 Nc6 10. Bd3 g6 11. Ne2 Bg7 12. Bb5 O-O 13. Nc3 Qb6 14. a4
Na5 15. Nxa5 Qxa5 16. Be5 Bh6 17. Qd2 a6 18. Bd3 Nd7 19. b4 Qd8 20. Bf4
Bxf4 21. exf4 a5 22. b5 Nb6 23. h4 Bf5 24. h5 Bxd3 25. Qxd3 Qd6 26. Ne2
Rac8 27. Kf2 Qf6 28. hxg6 fxg6 29. g4 Rc4 30. Rh6 Rf7 31. Rah1 e6 32. f5
exf5 33. gxf5 Qxf5 34. Qxf5 Rxf5 35. Rxh7 Rf7 36. Rh8+ Kg7 37. R1h7+ Kf6
38. Rxf7+ Kxf7 39. Rh7+ Ke6 40. Rxb7 Nxa4 41. Ra7 Rc2 42. Kf1 Nc3 43. Ra6+
Kf5 44. Nxc3 Rxc3 45. Kf2 Rb3 46. b6 Kf4 47. Rxa5 Rb2+ 48. Ke1 Ke3 49. Kd1
Kxd4 50. Ra6 Ke3 51. Kc1 Rb5 52. b7 Rxb7 53. Rxg6 d4 54. f4 Rh7 55. Rg3+
Ke2 56. Rg2+ Kd3 57. Rg3+ Ke2 58. Rg2+ Kf3 59. Rg1 Rh2 60. f5 Rf2 61. Re1
Kg4 1/2-1/2